Barrow's Boys (Record no. 119347)
[ view plain ]
| 000 -LEADER | |
|---|---|
| fixed length control field | 00488nam a22001577a 4500 |
| 008 - FIXED-LENGTH DATA ELEMENTS--GENERAL INFORMATION | |
| fixed length control field | 131219b xxu||||| |||| 00| 0 eng d |
| 020 ## - INTERNATIONAL STANDARD BOOK NUMBER | |
| International Standard Book Number | 0802137946 |
| 050 ## - LIBRARY OF CONGRESS CALL NUMBER | |
| Classification number | G242.F64 2000 |
| 100 ## - MAIN ENTRY--PERSONAL NAME | |
| Personal name | Fleming, Fergus |
| 9 (RLIN) | 5942 |
| 245 ## - TITLE STATEMENT | |
| Title | Barrow's Boys |
| Statement of responsibility, etc | Fergus Fleming |
| 260 ## - PUBLICATION, DISTRIBUTION, ETC. (IMPRINT) | |
| Place of publication, distribution, etc | New York |
| Name of publisher, distributor, etc | Grove Press |
| Date of publication, distribution, etc | 2000 |
| 300 ## - PHYSICAL DESCRIPTION | |
| Extent | ix; 489p.; |
| Dimensions | 23cm |
| 600 ## - SUBJECT ADDED ENTRY--PERSONAL NAME | |
| Personal name | Barrow, John |
| 9 (RLIN) | 5943 |
| 650 ## - SUBJECT ADDED ENTRY--TOPICAL TERM | |
| Topical term or geographic name as entry element | Decoveries in geography |
| General subdivision | British |
| -- | History |
| -- | Explorers |
| Geographic subdivision | Great Britain |
| 9 (RLIN) | 5944 |
| 942 ## - ADDED ENTRY ELEMENTS (KOHA) | |
| Source of classification or shelving scheme | Library of Congress Classification |
| Item type | Monograph ( Printed materials) |
| Withdrawn status | Lost status | Source of classification or shelving scheme | Damaged status | Not for loan | Home library | Current library | Date acquired | Total Checkouts | Full call number | Barcode | Date last seen | Price effective from | Koha item type |
|---|---|---|---|---|---|---|---|---|---|---|---|---|---|
| Library of Congress Classification | ARRUPE LIBRARY | ARRUPE LIBRARY | 19/12/2013 | G242.F64 2000 | 464123054 | 11/04/2018 | 19/12/2013 | Monograph ( Printed materials) |